<?xml version="1.0" encoding="UTF-8"?>
<record
    xmlns:xsi="http://www.w3.org/2001/XMLSchema-instance"
    xsi:schemaLocation="http://www.loc.gov/MARC21/slim http://www.loc.gov/standards/marcxml/schema/MARC21slim.xsd"
    xmlns="http://www.loc.gov/MARC21/slim">

  <leader>00983nam a22002297a 4500</leader>
  <controlfield tag="003">NALT</controlfield>
  <controlfield tag="005">20220316102302.0</controlfield>
  <controlfield tag="008">211119b        th ||||| |||| 00| 0 tha d</controlfield>
  <datafield tag="040" ind1=" " ind2=" ">
    <subfield code="a">NALT</subfield>
  </datafield>
  <datafield tag="050" ind1=" " ind2=" ">
    <subfield code="a">DS 578.32</subfield>
    <subfield code="b">&#xE2D;989&#xE1B;</subfield>
  </datafield>
  <datafield tag="100" ind1="0" ind2=" ">
    <subfield code="9">26197</subfield>
    <subfield code="a">&#xE42;&#xE2D;&#xE2A;&#xE16; &#xE42;&#xE01;&#xE28;&#xE34;&#xE19;</subfield>
  </datafield>
  <datafield tag="245" ind1="1" ind2="0">
    <subfield code="a">&#xE1B;&#xE23;&#xE30;&#xE2A;&#xE1A;&#xE01;&#xE32;&#xE23;&#xE13;&#xE4C;&#xE08;&#xE32;&#xE01;&#xE27;&#xE38;&#xE12;&#xE34;&#xE2A;&#xE20;&#xE32; &#xE15;&#xE2D;&#xE19;&#xE17;&#xE35;&#xE48; 2 (1 &#xE40;&#xE21;&#xE29;&#xE32;&#xE22;&#xE19; 2531-22 &#xE40;&#xE21;&#xE29;&#xE32;&#xE22;&#xE19; 2532) /</subfield>
    <subfield code="c">&#xE42;&#xE2D;&#xE2A;&#xE16; &#xE42;&#xE01;&#xE28;&#xE34;&#xE19;.</subfield>
  </datafield>
  <datafield tag="260" ind1=" " ind2=" ">
    <subfield code="a">&#xE21;.&#xE1B;.&#xE17;. :</subfield>
    <subfield code="b">&#xE21;.&#xE1B;.&#xE1E;.,</subfield>
    <subfield code="c">&#xE21;.&#xE1B;.&#xE1B;.</subfield>
  </datafield>
  <datafield tag="300" ind1=" " ind2=" ">
    <subfield code="a">375 &#xE2B;&#xE19;&#xE49;&#xE32; ;</subfield>
    <subfield code="c">34 &#xE2B;&#xE19;&#xE49;&#xE32;</subfield>
  </datafield>
  <datafield tag="600" ind1="0" ind2="4">
    <subfield code="9">57286</subfield>
    <subfield code="a">&#xE42;&#xE2D;&#xE2A;&#xE16; &#xE42;&#xE01;&#xE28;&#xE34;&#xE19;</subfield>
    <subfield code="x">&#xE1C;&#xE25;&#xE07;&#xE32;&#xE19;</subfield>
  </datafield>
  <datafield tag="650" ind1=" " ind2="4">
    <subfield code="9">9184</subfield>
    <subfield code="a">&#xE27;&#xE38;&#xE12;&#xE34;&#xE2A;&#xE21;&#xE32;&#xE0A;&#xE34;&#xE01; </subfield>
    <subfield code="x">&#xE1A;&#xE17;&#xE1A;&#xE32;&#xE17;&#xE41;&#xE25;&#xE30;&#xE2B;&#xE19;&#xE49;&#xE32;&#xE17;&#xE35;&#xE48;</subfield>
  </datafield>
  <datafield tag="651" ind1=" " ind2="4">
    <subfield code="9">57288</subfield>
    <subfield code="a">&#xE44;&#xE17;&#xE22;</subfield>
    <subfield code="x">&#xE01;&#xE32;&#xE23;&#xE40;&#xE21;&#xE37;&#xE2D;&#xE07;&#xE41;&#xE25;&#xE30;&#xE01;&#xE32;&#xE23;&#xE1B;&#xE01;&#xE04;&#xE23;&#xE2D;&#xE07; </subfield>
    <subfield code="y">2531-2532</subfield>
  </datafield>
  <datafield tag="850" ind1=" " ind2=" ">
    <subfield code="a">NALT</subfield>
  </datafield>
  <datafield tag="942" ind1=" " ind2=" ">
    <subfield code="c">RRB</subfield>
    <subfield code="2">lcc</subfield>
  </datafield>
  <datafield tag="998" ind1=" " ind2=" ">
    <subfield code="a">bijaya</subfield>
    <subfield code="c">103</subfield>
    <subfield code="j">104</subfield>
    <subfield code="k"> &#xE2A;&#xE32;&#xE22;&#xE1D;&#xE19; &#xE14;&#xE35;&#xE07;&#xE32;&#xE21;</subfield>
  </datafield>
  <datafield tag="999" ind1=" " ind2=" ">
    <subfield code="c">98643</subfield>
    <subfield code="d">98643</subfield>
  </datafield>
  <datafield tag="952" ind1=" " ind2=" ">
    <subfield code="0">0</subfield>
    <subfield code="1">0</subfield>
    <subfield code="2">lcc</subfield>
    <subfield code="4">0</subfield>
    <subfield code="7">0</subfield>
    <subfield code="8">CRRB</subfield>
    <subfield code="a">NALT</subfield>
    <subfield code="b">NALT</subfield>
    <subfield code="c">RRB</subfield>
    <subfield code="d">2021-11-19</subfield>
    <subfield code="o">DS 578.32 &#xE2D;989&#xE1B; </subfield>
    <subfield code="p">3961212423</subfield>
    <subfield code="r">2022-03-30 00:00:00</subfield>
    <subfield code="t">&#xE09;.1</subfield>
    <subfield code="w">2021-11-19</subfield>
    <subfield code="y">RRB</subfield>
  </datafield>
  <datafield tag="952" ind1=" " ind2=" ">
    <subfield code="0">0</subfield>
    <subfield code="1">0</subfield>
    <subfield code="2">lcc</subfield>
    <subfield code="4">0</subfield>
    <subfield code="7">0</subfield>
    <subfield code="8">CRRB</subfield>
    <subfield code="a">NALT</subfield>
    <subfield code="b">NALT</subfield>
    <subfield code="c">RRB</subfield>
    <subfield code="d">2021-11-19</subfield>
    <subfield code="o">DS 578.32 &#xE2D;989&#xE1B; </subfield>
    <subfield code="p">3961212434</subfield>
    <subfield code="r">2022-03-30 00:00:00</subfield>
    <subfield code="t">&#xE09;.2</subfield>
    <subfield code="w">2021-11-19</subfield>
    <subfield code="y">RRB</subfield>
  </datafield>
</record>
